| 000 -LEADER |
| fixed length control field |
01075nam a2200217Ia 4500 |
| 003 - CONTROL NUMBER IDENTIFIER |
| control field |
OSt |
| 005 - DATE AND TIME OF LATEST TRANSACTION |
| control field |
20241011155808.0 |
| 007 - PHYSICAL DESCRIPTION FIXED FIELD--GENERAL INFORMATION |
| fixed length control field |
ca aa aaaaa |
| 008 - FIXED-LENGTH DATA ELEMENTS--GENERAL INFORMATION |
| fixed length control field |
201103s9999 xx 000 0 und d |
| 040 ## - CATALOGING SOURCE |
| Transcribing agency |
SSBUL |
| 041 ## - LANGUAGE CODE |
| Language code of text/sound track or separate title |
bur |
| 082 ## - DEWEY DECIMAL CLASSIFICATION NUMBER |
| Edition number |
23 |
| Classification number |
၂၉၄.၃၄၃၅၀၉ ပဏ် |
| Item number |
၉၁၁၃ S-SAT |
| 100 0# - MAIN ENTRY--PERSONAL NAME |
| Personal name |
ပဏ္ဍိတ၊ အသျှင်၊ လယ်တီ- |
| 9 (RLIN) |
17268 |
| 245 10 - TITLE STATEMENT |
| Title |
ကျွတ်မုတ္တောစေတီခေါ် အကျွတ်အလွတ်ဘုရားသမိုင်းနှင့် နန်းဦးရွှေဘုံသာစေတီ သမိုင်း / |
| Statement of responsibility, etc. |
လယ်တီအသျှင်ပဏ္ဍိတ။ |
| 260 ## - PUBLICATION, DISTRIBUTION, ETC. |
| Place of publication, distribution, etc. |
ရန်ကုန် ၊ |
| Name of publisher, distributor, etc. |
အမျိုးသားစာပုံနှိပ်တိုက်၊ |
| Date of publication, distribution, etc. |
၁၉၆၃။ |
| 300 ## - PHYSICAL DESCRIPTION |
| Extent |
ဇ၊ ၇၀ စာမျက်နှာ ၊ |
| Dimensions |
၁၇ စင်တီ။ |
| 500 ## - GENERAL NOTE |
| General note |
S-SAT: Sai Aung Tun |
| 650 ## - SUBJECT ADDED ENTRY--TOPICAL TERM |
| Topical term or geographic name entry element |
စေတီပုထိုး |
| 9 (RLIN) |
12797 |
|
| Topical term or geographic name entry element |
ဘုရားသမိုင်း |
| 942 ## - ADDED ENTRY ELEMENTS (KOHA) |
| Koha item type |
Book (Short term) |
| Source of classification or shelving scheme |
|